Temas de derecho administrativo romano comparado

Detalles Bibliográficos
Autor principal: Trisciuoglio, Andrea
Formato: eBook
Lenguaje:español
Publicado: Madrid: Dykinson, 2021
Materias:
Acceso en línea:Acceso restringido

MARC

LEADER 00000nam a22000007a 4500
005 20211004213223.0
007 cr|||| ||||
008 211004s2021 es |||||s|||| 00||0 spa d
020 |a 978-84-1377-375-9 
035 |a 33547 
040 |a vLex 
090 |c 12482  |d 12482 
100 1 |a Trisciuoglio, Andrea 
245 1 0 |a Temas de derecho administrativo romano comparado  |h [Recurso electrn̤ico] /  |c Andrea Trisciuoglio 
256 |a Servicio en ln̕ea 
260 |a Madrid:  |b Dykinson,  |c 2021 
300 |a 1 recurso electrn̤ico 
500 |a La nueva obra del Prof. Trisciuoglio recopila una serie de novedosas aportaciones sobre derecho administrativo romano, ln̕ea de investigacin̤ en la que la autora ocupa una posicin̤ destacada en la romans̕tica italiana y europea. La obra del Prof. Andrea Trisciuoglio, se divide en cuatro secciones, en cada una de las que se enmarcan los artc̕ulos atinentes a su objeto: Seccin̤ I. Conceptos fundamentales. Seccin̤ II. Principios. Seccin̤ III. Bienes pb︢licos –concesiones– contratos pb︢licos. Seccin̤ IV. Expropiacin̤ por causa de utilidad pb︢lica. Seccin̤ V. Responsabilidad civil y administrativa del magistrado. Estamos ante una notable aportacin̤ al estudio del Derecho Administrativo Romano, de lectura obligada en la materia, en la que se pone de relieve que no pocos de los problemas que surgen y soluciones a las que se llega, en materia de administracin̤ pb︢lica romana, constituyen el antecedente, de la normativa existente en la legislacin̤ actual. Cabe finalmente destacar que esta obra cientf̕ica supone un nuevo eslabn̤ en la necesaria conexin̤ entre la investigacin̤ histr̤ica y la moderna dogmt̀ica administrativa, tan necesaria para el progreso de la ciencia del derecho. 
506 1 |a Disponible solo en los productos indicados  |d vLex Global  |d vLex Global (Academic Edition, excluding Law Schools)  |d vLex Global (U.S. Academic Edition, Law Schools)  |d vLex Global (U.S. Academic Edition, excluding Law Schools)  |d vLex Global (Academic Edition, Law Schools) 
650 0 4 |a Derecho Pb︢lico y Administrativo  |z Espaą 
650 0 4 |a Derecho Militar  |z Espaą 
740 0 |a vLex Libros (Servicio en ln̕ea) 
856 4 0 |u https://app.vlex.com/#/sources/33547  |z Acceso restringido 
942 |c BOOK 
999 0 |a Public and Administrative Law 
999 0 |a Military Law